| 000 | 00379nam a2200109Ia 4500 | ||
|---|---|---|---|
| 008 | 170221s9999 xx 000 0 und d | ||
| 100 | _aSanja Ajzerle | ||
| 245 | _aIs Financial Capability Related to the Effective Use of Debt in Australia? | ||
| 245 | _cSanja Ajzerle, Mark Brimble, and Brett Freudenberg | ||
| 650 | _xBusiness | ||
| 856 | _uhttp://ro.uow.edu.au/aabfj/vol7/iss3/7/ | ||
| 999 |
_c307699 _d307699 |
||